000 00423nab a2200145Ia 4500
003 ES-SlBCS
005 20210601131746.0
008 140529s1929 xxu||||| |||| 00| 0 fre d
041 _afre
100 1 _aLavocat, H.-M.
_9188633
245 0 0 _aLe catholicisme Roumanie
_c H.-M. Lavocat
650 0 4 _aCatolicismo Rumano
_9188658
773 0 _tVie Intelectuelle (La)
_gvol. 4, nº. 3, 1929, págs. 235-238
_wRev907
942 _cAR
999 _c568296
_d568296